Normal view MARC view

Entry Personal Name

Number of records used in: 3

001 - CONTROL NUMBER

  • control field: 148

003 - CONTROL NUMBER IDENTIFIER

  • control field: csc

005 - DATE AND TIME OF LATEST TRANSACTION

  • control field: 20140507162048.0

008 - FIXED-LENGTH DATA ELEMENTS

  • fixed length control field: 100211|||a|||||| | ||| d

040 ## - CATALOGING SOURCE

  • Original cataloging agency: csc
  • Transcribing agency: csc

100 ## - HEADING--PERSONAL NAME

  • Personal name: Foy, Brian D.

670 ## - SOURCE DATA FOUND

  • Source citation: Work cat.: (csc)0: Schwartz, Randal L. 244, Intermediate Perl /, c2006